000 00373nam a22001577a 4500
003 MPLRDC
005 20220104142838.0
008 210129b ||||| |||| 00| 0 eng d
082 _a558.01 XGZY
100 _a不详
245 _a国际贸易知识
_c
260 _a
_b香港朝阳出版社
_c1973
300 _b
650 _a贸易理论
942 _cBK
_o558.01 XGZY
999 _c34189
_d34179